Economía internacional

Сохранить в:
Библиографические подробности
Главный автор: Kindleberger, Charles P (Автор)
Формат:
Язык:испанский
Опубликовано: Madrid Aguilar 1967
Редактирование:6a. ed
Серии:Biblioteca de Ciencias Sociales. Sección primera: Economía
Предметы:
Метки: Добавить метку
Нет меток, Требуется 1-ая метка записи!

MARC

LEADER 00000nam a2200000 a 4500
001 UCS2759
003 CL-VaPUC
008 970606e19670000SP |||||||||||||||||spa|d
082 0 4 |a 382  |b KIN  |2 21 
100 |a Kindleberger, Charles P  |e author  |9 618222 
245 1 0 |a Economía internacional 
250 |a 6a. ed 
300 |a 670 p 
942 |c BK 
945 |d 19970606 00:00:00  |a lriquelm 
260 |a Madrid  |b Aguilar  |c 1967 
650 7 |a SISTEMAS ECONOMICOS INTERNACIONALES  |2 CL-VaPUC  |9 338633 
650 0 |a Balanza de pagos  |9 316476 
650 7 |a COMERCIO INTERNACIONAL  |2 CL-VaPUC  |9 388551 
650 0 |a Oferta y demanda  |9 255571 
650 7 |a POLITICAS DE PRECIOS  |2 CL-VaPUC  |9 388552 
650 0 |a Política comercial internacional  |9 388553 
650 0 |a Equilibrio económico   |9 322667 
650 7 |a MIGRACION LABORAL  |2 CL-VaPUC  |9 345095 
583 |a last modification  |c 19970606 00:00:00  |k Rodrigo Vera 
490 0 |a Biblioteca de Ciencias Sociales. Sección primera: Economía 
999 |c 260696  |d 260694 
952 |0 0  |1 0  |4 0  |6 382_000000000000000_KIN_1967  |7 0  |8 P  |9 286980  |a BIBDER  |b BIBDER  |d 2019-11-19  |i 1863924  |o 382 KIN 1967  |p 1863924  |r 2023-01-25  |w 2019-11-19  |y BK  |k DER